000 00307nam a2200133Ia 4500
005 20251222143155.0
008 251222s9999||||xx |||||||||||||| ||spa||
020 _a2-86869-298-2
082 _a741.944/D63
100 _aDeux, Fred
245 0 _aFred Deux:
264 _bMusées de Marseille
942 _cLIB
999 _c12834
_d12834